The Books of A Song of Ice & Fire - Sudden Death - Statistics

General Stats
  • This quiz has been taken 86 times
  • The average score is 6 of 7
Answers on the Grid
Answers color-coded by a green-red scale on the quiz's grid according to % correct below.
Blight of Magic
Chain of Iron
Clash of Kings
Colour of Magic
Dance with Dragons
Day of Fallen Night
Dream of Spring
Empire of Storms
Eye of the Wolf
Eye of the World
Feast for Crows
Fierce as Steel
Forge of Darkness
Game of Thrones
Hammer of the Gods
Memories of Ice
Name of the Wind
Queen of Nothing
Return of the King
Season of Storms
Storm of Swords
Way of Kings
Way of Shadows
Winds of Winter
 
Answer Stats
Answer % Correct
Winds of Winter
92%
Storm of Swords
88%
Game of Thrones
85%
Dance with Dragons
83%
Clash of Kings
81%
Feast for Crows
81%
Dream of Spring
65%
No matching quizzes found
Score Distribution
Percent of People with Each Score
Percentile by Number Answered
Your Score History
You have not taken this quiz